000 00392nam a2200133Ia 4500
008 230917s9999||||xx |||||||||||||| ||und||
040 _e90738
_aMAIN
041 _aEnglish
082 _a617.7 N167C
100 _aNarinder Kumar
245 0 _aComparison of corneal astigmatism in superior and lateral midlimbal incisions in extra capsular cataract extraction
300 _a52 p.
942 _cTH
999 _c86682
_d86682